000
00252nam a2200097Ia 4500
001
939970
005
20250826215237.0
008
250824s9999 xx 000 0 und d
245
0
_a
SÜPER STAR HAYVANLAR
_c
ALİNE ALEXANDER NEWMAN
260
_b
BETA YAYINLARI
999
_c
939970
_d
939970